[Event "22nd 4NCL Congress"]
[Site "Telford"]
[Date "2019.07.20"]
[Round "2"]
[Board "7"]
[White "Hosdurga, Chirag"]
[Black "Han, Yichen"]
[Result "1-0"]
[WhiteElo "1926"]
[BlackElo "2217"]
[PlyCount "127"]
[EventDate "2019.07.19"]
[EventRounds "5"]
[EventCountry "ENG"]

1. d4 Nf6 2. c4 g6 3. Nc3 Bg7 4. e4 d6 5. f4 c5 6. d5 O-O 7. Nf3 e6 8. dxe6
fxe6 9. Bd3 Nc6 10. O-O Nd4 11. Bd2 Bd7 12. Qe1 a6 13. Ng5 h6 14. Nf3 Nxf3+ 15.
Rxf3 Nh5 16. g4 Bd4+ 17. Kh1 Ng7 18. Be3 h5 19. h3 hxg4 20. hxg4 Bxe3 21. Qxe3
Qh4+ 22. Rh3 Qxg4 23. f5 exf5 24. Be2 f4 25. Bxg4 fxe3 26. Bxd7 Rf2 27. Rxe3
Rxb2 28. Rg1 Rd8 29. Nd5 Rf2 30. Bh3 Kh7 31. Rgg3 Nh5 32. Rgf3 Rxf3 33. Rxf3
Kg7 34. Rb3 Rb8 35. a4 Nf6 36. Nc3 Nh5 37. Nd5 Nf6 38. Nc3 Nh5 39. a5 Nf4 40.
Bg4 Kf6 41. Kg1 Ke5 42. Nd5 g5 43. Bf5 Nxd5 44. cxd5 c4 45. Rb1 c3 46. Kf2 Kd4
47. Rd1+ Kc4 48. Ke3 Rf8 49. Rd4+ Kb3 50. Kd3 g4 51. Rc4 g3 52. Rxc3+ Kb4 53.
Rc2 Rg8 54. Rg2 Kxa5 55. Be6 Rg7 56. e5 dxe5 57. d6 Rh7 58. Rxg3 Rh8 59. Ke4 b5
60. Kxe5 Kb6 61. d7 b4 62. Kd6 Rd8 63. Ke7 Kc7 64. Rg4  1-0

[Event "22nd 4NCL Congress"]
[Site "Telford"]
[Date "2019.07.20"]
[Round "2"]
[Board "8"]
[White "Willmoth, Robert F"]
[Black "Forster, Matthew"]
[Result "1-0"]
[WhiteElo "2138"]
[BlackElo "1825"]
[PlyCount "105"]
[EventDate "2019.07.19"]
[EventRounds "5"]
[EventCountry "ENG"]

1. d4 g6 2. Nf3 Bg7 3. c3 Nf6 4. Bg5 c5 5. dxc5 Na6 6. Qd4 Nc7 7. Nbd2 Ne6 8.
Qc4 Qc7 9. Be3 a5 10. g3 a4 11. Rc1 O-O 12. Bg2 Ra5 13. b4 axb3 14. axb3 d5 15.
cxd6 Qxd6 16. b4 Rh5 17. Ne4 Nxe4 18. Qxe4 Rd8 19. O-O b5 20. Qc2 Bb7 21. Rfd1
Qc7 22. Rxd8+ Qxd8 23. c4 bxc4 24. Qxc4 Rd5 25. Ne1 Rd7 26. Bxb7 Rxb7 27. Qc8
Rb8 28. Qxd8+ Nxd8 29. Ba7 Rb7 30. Bc5 Ne6 31. e3 Bb2 32. Rc2 Ba3 33. Nd3 Rd7
34. Rc3 Nxc5 35. bxc5 Rxd3 36. Rxd3 Bxc5 37. e4 Kg7 38. Kg2 h5 39. f4 f6 40. f5
gxf5 41. exf5 Kh6 42. Kf3 Kg5 43. h4+ Kh6 44. Ke4 Kg7 45. Kd5 Bb4 46. Ke6 Kh6
47. Kf7 Bc5 48. Rd8 Kh7 49. Re8 Bf2 50. Rxe7 Bxg3 51. Kxf6+ Kh6 52. Re4 Kh7 53.
Kg5  1-0

[Event "22nd 4NCL Congress"]
[Site "Telford"]
[Date "2019.07.20"]
[Round "2"]
[Board "9"]
[White "Okhai, Shabir"]
[Black "Ross, Stuart"]
[Result "1-0"]
[WhiteElo "2136"]
[BlackElo "1635"]
[PlyCount "78"]
[EventDate "2019.07.19"]
[EventRounds "5"]
[EventCountry "ENG"]

1. e4 c5 2. Nf3 d6 3. Bb5+ Nd7 4. Ba4 a6 5. c4 Ngf6 6. Nc3 e6 7. O-O Be7 8. d3
O-O 9. a3 Nb6 10. Bc2 Qc7 11. h3 Nbd7 12. Bf4 e5 13. Bg5 Qd8 14. Qd2 Rb8 15.
Ba4 Nb6 16. Bc2 Bd7 17. b4 cxb4 18. axb4 Re8 19. Rfb1 Qc7 20. b5 Ra8 21. bxa6
bxa6 22. Ra2 Bc6 23. Nh4 g6 24. Nf3 Nfd7 25. Be3 Bf8 26. Rba1 Qb7 27. Ne1 Nc5
28. Rb1 Qc7 29. Bd1 Rab8 30. Rab2 Nba4 31. Bxa4 Nxa4 32. Nxa4 Bxa4 33. Bb6 Qc8
34. Qa5 Bc6 35. Nc2 Be7 36. Nb4 Bd8 37. Bxd8 Rxb4 38. Rxb4 Qxd8 39. Qxd8 Rxd8
 1-0

[Event "22nd 4NCL Congress"]
[Site "Telford"]
[Date "2019.07.20"]
[Round "2"]
[Board "10"]
[White "Ireland, David J"]
[Black "Adair, James R"]
[Result "0-1"]
[WhiteElo "1966"]
[BlackElo "2483"]
[PlyCount "40"]
[EventDate "2019.07.19"]
[EventRounds "5"]
[EventCountry "ENG"]

1. e4 c5 2. Nf3 d6 3. Bb5+ Nd7 4. d4 cxd4 5. Qxd4 a6 6. Bxd7+ Bxd7 7. Nc3 e5 8.
Qd3 Rc8 9. a4 Be6 10. Nd5 Ne7 11. Ng5 Bxd5 12. exd5 Qa5+ 13. Bd2 Qxd5 14. Qxd5
Nxd5 15. O-O-O Be7 16. g4 Rc4 17. f3 Rxa4 18. b3 Ra1+ 19. Kb2 Rxd1 20. Rxd1 h5
 0-1

[Event "22nd 4NCL Congress"]
[Site "Telford"]
[Date "2019.07.20"]
[Round "2"]
[Board "11"]
[White "Sowray, Peter J"]
[Black "Modi, Kishan J"]
[Result "1-0"]
[WhiteElo "2334"]
[BlackElo "1923"]
[PlyCount "89"]
[EventDate "2019.07.19"]
[EventRounds "5"]
[EventCountry "ENG"]

1. d4 d5 2. c4 dxc4 3. e4 b5 4. a4 c6 5. axb5 cxb5 6. Nc3 a6 7. Nxb5 axb5 8.
Rxa8 Bb7 9. Ra1 e6 10. Ne2 Bxe4 11. Nc3 Bc6 12. Be2 Nf6 13. Bf3 Nd5 14. O-O Be7
15. Nxd5 Bxd5 16. Be3 O-O 17. Bxd5 Qxd5 18. Qf3 Qxf3 19. gxf3 Rd8 20. Ra5 Rd5
21. Ra8 Rd8 22. Rfa1 Kf8 23. R1a5 b4 24. Rb5 Nc6 25. Rxd8+ Nxd8 26. Bd2 c3 27.
bxc3 bxc3 28. Bxc3 Bf6 29. Rb8 Ke7 30. Bb4+ Kd7 31. Bc5 Nc6 32. Rf8 Nxd4 33.
Rxf7+ Kc6 34. Bxd4 Bxd4 35. Kg2 Kd6 36. f4 Bf6 37. Kf3 e5 38. f5 h5 39. Ke4 Kc6
40. Rf8 Kd6 41. Rh8 h4 42. Re8 Kd7 43. Re6 Kd8 44. h3 Kd7 45. Kd5  1-0

[Event "22nd 4NCL Congress"]
[Site "Telford"]
[Date "2019.07.20"]
[Round "2"]
[Board "12"]
[White "Salmons, Calum"]
[Black "Price, Gwilym T"]
[Result "1/2-1/2"]
[WhiteElo "1898"]
[BlackElo "2138"]
[PlyCount "82"]
[EventDate "2019.07.19"]
[EventRounds "5"]
[EventCountry "ENG"]

1. e4 c5 2. Nc3 Nc6 3. f4 g6 4. Nf3 Bg7 5. d3 e6 6. Be3 d6 7. d4 cxd4 8. Nxd4
d5 9. Bb5 Nge7 10. O-O O-O 11. exd5 exd5 12. Qd2 Qd6 13. Rad1 Bg4 14. Be2 Bxe2
15. Ncxe2 f5 16. Nb5 Qd7 17. c4 Rfd8 18. c5 Ne5 19. Nd6 Ng4 20. Bd4 Nf6 21. Nc3
Ne4 22. Ncxe4 fxe4 23. Bxg7 Kxg7 24. f5 Nxf5 25. Qxd5 Nxd6 26. Qe5+ Kg8 27.
Rxd6 Qe8 28. Re6 Qd7 29. Rd6 Qe8 30. Qd5+ Kg7 31. Qxb7+ Kg8 32. Qd5+ Kg7 33.
Qb7+ Kg8 34. Rdf6 Rab8 35. Qxa7 Ra8 36. Qc7 Rac8 37. Qb7 Rb8 38. Qa6 Qe5 39.
Qe6+ Qxe6 40. Rxe6 Rxb2 41. Rxe4 Rdd2  1/2-1/2

[Event "22nd 4NCL Congress"]
[Site "Telford"]
[Date "2019.07.20"]
[Round "2"]
[Board "13"]
[White "Jones, Steven A"]
[Black "Adams, Mark A"]
[Result "1-0"]
[WhiteElo "2117"]
[BlackElo "1963"]
[PlyCount "85"]
[EventDate "2019.07.19"]
[EventRounds "5"]
[EventCountry "ENG"]

1. d4 Nf6 2. Nf3 e6 3. g3 b6 4. Bg2 Bb7 5. O-O Be7 6. c4 O-O 7. d5 exd5 8. Nh4
c5 9. cxd5 d6 10. Nf5 Bc8 11. Nxe7+ Qxe7 12. Nc3 a6 13. e4 Nbd7 14. Re1 Ra7 15.
a4 Ne5 16. f4 Bg4 17. fxe5 Bxd1 18. exf6 Qxf6 19. Rxd1 Qe7 20. Re1 h6 21. Bf4
g5 22. Be3 Rb8 23. Bf1 b5 24. e5 dxe5 25. axb5 axb5 26. d6 Qd7 27. Bxc5 Rxa1
28. Rxa1 Qc6 29. b4 f5 30. Rd1 Qf3 31. Rd3 Qc6 32. Rd5 f4 33. d7 Qf6 34. Ne4
Qd8 35. Bd6 Ra8 36. Bxe5 fxg3 37. hxg3 Kf7 38. Nc5 Qb6 39. Rd6 Qd8 40. Nb7 Qe7
41. d8=Q Rxd8 42. Nxd8+ Kg8 43. Rg6+  1-0

[Event "22nd 4NCL Congress"]
[Site "Telford"]
[Date "2019.07.20"]
[Round "2"]
[Board "14"]
[White "Davis, Lee"]
[Black "Modi, Shyam Jagdish"]
[Result "0-1"]
[WhiteElo "1937"]
[BlackElo "2098"]
[PlyCount "129"]
[EventDate "2019.07.19"]
[EventRounds "5"]
[EventCountry "ENG"]

1. d4 Nf6 2. g3 g6 3. Bg2 Bg7 4. Nf3 O-O 5. O-O d6 6. c4 Nbd7 7. Nc3 e5 8. e4
c6 9. h3 Qa5 10. Re1 exd4 11. Nxd4 Ne5 12. Bf1 Qb6 13. Nf3 Be6 14. Nxe5 dxe5
15. Qc2 Nd7 16. b3 f5 17. Ba3 Rf7 18. Rad1 f4 19. Na4 Qc7 20. Qd3 Bf8 21. Bxf8
Rfxf8 22. Qd6 Qxd6 23. Rxd6 fxg3 24. fxg3 Kf7 25. Red1 Ke7 26. Bg2 Rf6 27. R6d2
Raf8 28. c5 Nb8 29. b4 Na6 30. a3 Nc7 31. Nc3 Bc8 32. Na2 Nb5 33. a4 Nd4 34.
Nc1 Nf3+ 35. Bxf3 Rxf3 36. Kg2 Re3 37. Re2 Ra3 38. Ra2 Rc3 39. Nd3 Be6 40. Rad2
Bb3 41. Rc1 Rxc1 42. Nxc1 Bxa4 43. Ne2 Bb5 44. Nc3 Bf1+ 45. Kg1 Bxh3 46. b5 Rf3
47. bxc6 bxc6 48. Ne2 Re3 49. Ra2 a6 50. Kf2 Rxe4 51. Rxa6 Bd7 52. Ra5 Rc4 53.
Ke3 Ke6 54. Kd3 Rb4 55. Ra7 Rb5 56. Kc4 Rb1 57. Nc3 Re1 58. Kd3 h5 59. Ne4 Rd1+
60. Ke2 Rd5 61. Ke3 Rd4 62. Nd6 Rd5 63. Ne4 Rd1 64. Ke2 Rd5 65. Ke3 {rest
illegible 0-1 in 72 moves}  0-1

[Event "22nd 4NCL Congress"]
[Site "Telford"]
[Date "2019.07.20"]
[Round "2"]
[Board "15"]
[White "Somton, Anita"]
[Black "Moore, Gerald"]
[Result "1/2-1/2"]
[WhiteElo "1832"]
[BlackElo "2084"]
[PlyCount "101"]
[EventDate "2019.07.19"]
[EventRounds "5"]
[EventCountry "ENG"]

1. d4 Nf6 2. Nf3 g6 3. c4 Bg7 4. Nc3 d5 5. cxd5 Nxd5 6. e4 Nxc3 7. bxc3 c5 8.
Be3 Bg4 9. Qd2 Bxf3 10. gxf3 O-O 11. Rb1 cxd4 12. cxd4 Nc6 13. d5 Ne5 14. Be2
Qd7 15. h4 Rac8 16. Kf1 Nc4 17. Bxc4 Rxc4 18. h5 Bc3 19. Qe2 b5 20. Kg2 a6 21.
Rh3 e6 22. hxg6 fxg6 23. Rd1 exd5 24. Rxd5 Qe6 25. Qd3 Bg7 26. Rd6 Qf7 27. Rxa6
Ra4 28. Qxb5 Rxa2 29. Rxa2 Qxa2 30. f4 Qe6 31. e5 g5 32. fxg5 Bxe5 33. Rh4 Qf5
34. Qd5+ Kg7 35. Qe4 Qxe4+ 36. Rxe4 Rf5 37. Kh3 Bd6 38. Kg4 Rb5 39. Bd4+ Kf7
40. f4 Rb4 41. Kf5 Rb5+ 42. Be5 Bxe5 43. Rxe5 Rb6 44. Ra5 Rb7 45. Ra6 Rb5+ 46.
Kg4 Rb4 47. Rf6+ Kg7 48. Kf5 Rb5+ 49. Ke4 Rb4+ 50. Kd5 h6 51. Rxh6  1/2-1/2

[Event "22nd 4NCL Congress"]
[Site "Telford"]
[Date "2019.07.20"]
[Round "2"]
[Board "16"]
[White "Agnew, Alan"]
[Black "Kan, Toby"]
[Result "1-0"]
[WhiteElo "2048"]
[BlackElo "1702"]
[PlyCount "99"]
[EventDate "2019.07.19"]
[EventRounds "5"]
[EventCountry "ENG"]

1. d4 Nf6 2. Nf3 c5 3. d5 e6 4. Nc3 Qa5 5. Bd2 Qb6 6. e4 g6 7. Bc4 Bg7 8. O-O
O-O 9. a4 a6 10. a5 Qc7 11. Re1 e5 12. Na4 d6 13. Nb6 Ra7 14. Qe2 Nbd7 15. Qd3
Ne8 16. g4 h6 17. h3 Qd8 18. Nxc8 Qxc8 19. Nh4 Qd8 20. Qg3 Qe7 21. Ra3 Ra8 22.
Rb3 Ra7 23. Kh1 Kh7 24. g5 h5 25. Rg1 Rh8 26. Qf3 Kg8 27. Qe2 Rh7 28. Rbg3 Ra8
29. c3 Rc8 30. b4 Qd8 31. Ra1 Qc7 32. b5 axb5 33. Bxb5 Rb8 34. c4 Qd8 35. a6
bxa6 36. Rxa6 Bf8 37. Ra7 Nb6 38. Ba5 Nc7 39. Bc6 Qc8 40. Kh2 Nba8 41. Qc2 Na6
42. Bd7 Nb4 43. Bxb4 Qd8 44. Bd2 Qb6 45. Rga3 Qd8 46. Bc6 Nb6 47. Qd3 Nc8 48.
Ra8 Rxa8 49. Rxa8 Qc7 50. Ba5  1-0

[Event "22nd 4NCL Congress"]
[Site "Telford"]
[Date "2019.07.20"]
[Round "2"]
[Board "17"]
[White "Duncan, Patrick Cm"]
[Black "Tarr, Steve F"]
[Result "1-0"]
[WhiteElo "2018"]
[BlackElo "1686"]
[PlyCount "171"]
[EventDate "2019.07.19"]
[EventRounds "5"]
[EventCountry "ENG"]

1. b3 g6 2. Bb2 Nf6 3. Bxf6 exf6 4. c4 f5 5. Nc3 Bg7 6. g3 b6 7. Bg2 Nc6 8. e3
Bb7 9. Nge2 Na5 10. Bxb7 Nxb7 11. b4 O-O 12. O-O a5 13. a3 Nd6 14. Qb3 Ne4 15.
Qc2 Qc8 16. f3 Nd6 17. Qb3 Qb7 18. b5 Ne8 19. Rac1 Nf6 20. Nf4 Rfe8 21. Ncd5 d6
22. Nxf6+ Bxf6 23. Nd5 Bg7 24. a4 Re6 25. Kf2 Rae8 26. Qc2 Rc8 27. Rb1 Re5 28.
Rfc1 Rce8 29. Qd3 R5e6 30. Rb3 Rb8 31. h3 Rf8 32. Rbb1 Re5 33. Rg1 Rfe8 34. Rh1
Qc8 35. g4 Qd7 36. Kg2 fxg4 37. hxg4 Rg5 38. Kf2 f5 39. gxf5 Rxf5 40. Rbf1 Ref8
41. Ke2 Rg5 42. Rf2 Rff5 43. Kd1 Rh5 44. Rxh5 Rxh5 45. Qe4 Re5 46. Qh4 Rh5 47.
Qe7 Qxe7 48. Nxe7+ Kf7 49. Nd5 Rh1+ 50. Ke2 Ra1 51. Rf1 Rxa4 52. Rc1 h5 53.
Nxc7 Bf6 54. Nd5 Bd8 55. f4 Ke6 56. e4 Ra3 57. d3 g5 58. fxg5 Bxg5 59. Rg1 Bd8
60. Rg8 Kd7 61. Rg7+ Kc8 62. Rh7 h4 63. Ke3 Bg5+ 64. Kd4 Bd8 65. Ne7+ Bxe7 66.
Rxe7 Ra1 67. Kd5 a4 68. Kc6 Kd8 69. Rh7 Rh1 70. Kxd6 Ke8 71. e5 a3 72. e6 Rf1
73. Ra7 Kf8 74. Rxa3 Rf3 75. e7+ Kf7 76. Kc6 Rf6+ 77. Kc7 Kxe7 78. d4 Rf4 79.
Re3+ Kf6 80. Kxb6 Rxd4 81. c5 Rg4 82. c6 Rg3 83. Re8 Kf7 84. Rh8 h3 85. c7 Rc3
86. c8=Q  1-0

[Event "22nd 4NCL Congress"]
[Site "Telford"]
[Date "2019.07.20"]
[Round "2"]
[Board "18"]
[White "Simpson, Derek"]
[Black "Ther, Mate"]
[Result "0-1"]
[WhiteElo "1648"]
[BlackElo "1970"]
[PlyCount "62"]
[EventDate "2019.07.19"]
[EventRounds "5"]
[EventCountry "ENG"]

1. d4 Nf6 2. Nf3 e6 3. e3 c5 4. Bd3 b6 5. Qe2 Bb7 6. O-O Be7 7. Nbd2 Nc6 8. c3
O-O 9. e4 d5 10. e5 Nd7 11. Re1 cxd4 12. cxd4 Nb4 13. Nf1 Nxd3 14. Qxd3 a5 15.
Bd2 Ba6 16. Qe3 Re8 17. Rac1 Nf8 18. Rc2 Qd7 19. Qb3 Bc4 20. Qe3 Rac8 21. Rec1
Bxa2 22. b4 Rxc2 23. Rxc2 Qa4 24. Rb2 axb4 25. Qe1 Bc4 26. Bxb4 b5 27. Bxe7
Rxe7 28. Ne3 Rc7 29. Nc2 Bb3 30. Nb4 Qa3 31. Re2 Rc1  0-1

[Event "22nd 4NCL Congress"]
[Site "Telford"]
[Date "2019.07.20"]
[Round "2"]
[Board "19"]
[White "Jones, Tibor T"]
[Black "Seymour, Timothy P"]
[Result "1-0"]
[WhiteElo "1857"]
[BlackElo "2129"]
[PlyCount "89"]
[EventDate "2019.07.19"]
[EventRounds "5"]
[EventCountry "ENG"]

1. d4 Nf6 2. Nf3 d5 3. c4 e6 4. Bg5 Be7 5. Nc3 Nbd7 6. cxd5 Nxd5 7. Bxe7 Qxe7
8. e4 Nxc3 9. bxc3 e5 10. Qc2 O-O 11. Rb1 exd4 12. cxd4 c5 13. Bb5 Nf6 14. e5
cxd4 15. O-O Nd5 16. Rfe1 Nc3 17. Rb2 Nxb5 18. Rxb5 Rd8 19. Qe4 d3 20. Rb3 Be6
21. Rxb7 Qa3 22. Ng5 g6 23. Nxe6 d2 24. Rd1 Qc1 25. Qf3 Qxd1+ 26. Qxd1 fxe6 27.
Rb2 Rab8 28. Rxb8 Rxb8 29. Kf1 Rd8 30. Ke2 Kf7 31. Qxd2 Rxd2+ 32. Kxd2 Ke7 33.
Kc3 Kd7 34. Kb4 Kc6 35. Ka5 Kb7 36. h4 h5 37. Kb5 Kc7 38. Kc5 Kd7 39. Kb5 Kc7
40. Ka6 Kb8 41. a4 Ka8 42. f3 Kb8 43. g4 Kc7 44. gxh5 gxh5 45. Kxa7  1-0

[Event "22nd 4NCL Congress"]
[Site "Telford"]
[Date "2019.07.20"]
[Round "2"]
[Board "20"]
[White "Ratnesan, Ranesh"]
[Black "Van Kemenade, Rudy"]
[Result "0-1"]
[WhiteElo "2080"]
[BlackElo "1941"]
[PlyCount "100"]
[EventDate "2019.07.19"]
[EventRounds "5"]
[EventCountry "ENG"]

1. d4 f5 2. c4 Nf6 3. Nf3 g6 4. g3 Bg7 5. Bg2 d6 6. O-O O-O 7. b3 Nc6 8. Bb2 e5
9. dxe5 Ng4 10. Nc3 Ngxe5 11. e3 Nxf3+ 12. Qxf3 Ne5 13. Qd5+ Nf7 14. Qd2 c6 15.
Rad1 Qe7 16. Rfe1 Re8 17. f4 Qf8 18. Ba3 Be6 19. Ne2 Rad8 20. Nd4 Bc8 21. Qa5
a6 22. Rd3 Bf6 23. Qd2 Qg7 24. Nc2 h6 25. Rd1 Re6 26. Bb4 h5 27. a4 Kh7 28. Nd4
Bxd4 29. exd4 d5 30. cxd5 cxd5 31. Rc1 Rc6 32. Re1 Re6 33. Rc1 Rc6 34. Re1 Re6
35. Rde3 Qf6 36. Be7 Qxe7 37. Rxe6 Bxe6 38. Qe3 Rd6 39. Bxd5 Rxd5 40. Qxe6 Qxe6
41. Rxe6 Nd6 42. Kf2 Rxd4 43. h3 Ne4+ 44. Ke3 Rb4 45. g4 Rxb3+ 46. Kd4 fxg4 47.
hxg4 Rb4+ 48. Ke3 hxg4 49. a5 Nc5 50. Re7+ Kh6  0-1

[Event "22nd 4NCL Congress"]
[Site "Telford"]
[Date "2019.07.20"]
[Round "2"]
[Board "21"]
[White "Lewis, Christopher D"]
[Black "Fletcher, John T"]
[Result "0-1"]
[WhiteElo "1864"]
[BlackElo "1999"]
[PlyCount "98"]
[EventDate "2019.07.19"]
[EventRounds "5"]
[EventCountry "ENG"]

1. e4 c5 2. Nf3 Nc6 3. d4 cxd4 4. Nxd4 e5 5. Nb5 d6 6. c4 Nf6 7. N1c3 a6 8. Na3
Bg4 9. Be2 Bxe2 10. Qxe2 Nd4 11. Qd3 Qb6 12. O-O Be7 13. Rb1 Ne6 14. Nc2 Nc5
15. Qe3 Rc8 16. Qg3 Nfxe4 17. Nxe4 Nxe4 18. Qg4 Rxc4 19. Ne3 Rd4 20. Nf5 Nf6
21. Qh3 Rg4 22. Be3 Qd8 23. f3 Rg6 24. Nh4 O-O 25. Nxg6 hxg6 26. f4 Qa5 27. f5
g5 28. a3 Ne4 29. Qh5 d5 30. Rf3 Nf6 31. Qxg5 Bc5 32. Rbf1 Qd2 33. R1f2 Qe1+
34. Rf1 Qd2 35. R1f2 Bxe3 36. Rxe3 Qd1+ 37. Rf1 Qd4 38. Kh1 Ne4 39. Rxe4 Qxe4
40. f6 Qg6 41. Qxe5 Qd3 42. Kg1 g6 43. Qf4 d4 44. Rf3 Qd1+ 45. Kf2 Re8 46. Kg3
Qe1+ 47. Kh3 Re5 48. g4 Qe2 49. Kh4 g5+  0-1

[Event "22nd 4NCL Congress"]
[Site "Telford"]
[Date "2019.07.20"]
[Round "2"]
[Board "22"]
[White "Staples, Daniel J"]
[Black "Herring, Sam Ac"]
[Result "1-0"]
[WhiteElo "1992"]
[BlackElo "1931"]
[PlyCount "135"]
[EventDate "2019.07.19"]
[EventRounds "5"]
[EventCountry "ENG"]

1. d4 Nf6 2. Nf3 g6 3. e3 Bg7 4. Be2 O-O 5. O-O c5 6. c4 cxd4 7. exd4 d5 8. c5
Nc6 9. Bb5 Bg4 10. Be3 Ne4 11. Bxc6 bxc6 12. Qa4 Bxf3 13. gxf3 Nxc5 14. Qxc6
Rc8 15. Qb5 Ne6 16. Rd1 Qd6 17. Nc3 Rfd8 18. Qa4 a6 19. Ne2 f5 20. Rac1 f4 21.
Bd2 g5 22. Bb4 Qb8 23. Bxe7 Rxc1 24. Nxc1 Rc8 25. Qd7 Nxd4 26. Qxd5+ Kh8 27.
Nb3 Nxb3 28. axb3 h6 29. Qf5 Rg8 30. Bf6 Qb6 31. Bc3 Bxc3 32. bxc3 Qg6 33. Qe5+
Qg7 34. Qe6 Qg6 35. Rd6 Qxe6 36. Rxe6 Rc8 37. c4 Rb8 38. Rxh6+ Kg7 39. Rxa6
Rxb3 40. Kg2 Rc3 41. Rc6 Kf7 42. Rc8 Ke7 43. Rc7+ Kd6 44. Rc8 Kd7 45. Rc5 Kd6
46. Rxg5 Rxc4 47. Kh3 Ke6 48. Kg4 Rc2 49. Kxf4 Rxf2 50. h4 Kf6 51. Ra5 Rb2 52.
Ra6+ Kg7 53. Kg4 Rb5 54. f4 Rc5 55. h5 Rb5 56. h6+ Kh7 57. f5 Rb1 58. Rg6 Rg1+
59. Kh5 Rh1+ 60. Kg5 Rg1+ 61. Kf6 Re1 62. Kf7 Re5 63. Kf6 Re1 64. Rg7+ Kh8 65.
Re7 Rg1 66. Kf7 Rg8 67. Re8 Kh7 68. Rxg8  1-0

[Event "22nd 4NCL Congress"]
[Site "Telford"]
[Date "2019.07.20"]
[Round "2"]
[Board "23"]
[White "Tivillier, Jacques"]
[Black "Blake, J Morgan"]
[Result "0-1"]
[WhiteElo "1799"]
[BlackElo "1976"]
[PlyCount "52"]
[EventDate "2019.07.19"]
[EventRounds "5"]
[EventCountry "ENG"]

1. e4 e6 2. d4 d5 3. e5 c5 4. c3 Nc6 5. Nf3 Bd7 6. Bd3 Rc8 7. dxc5 Bxc5 8. b4
Bb6 9. b5 Na5 10. O-O Nc4 11. a4 f5 12. exf6 Nxf6 13. Bg5 O-O 14. Nbd2 Nd6 15.
Rc1 Nf7 16. Re1 Nxg5 17. Nxg5 Bxf2+ 18. Kxf2 Ng4+ 19. Kg3 Qxg5 20. Qxg4 Qxd2
21. Rcd1 Qf2+ 22. Kh3 Rf6 23. Re5 Rh6+ 24. Rh5 e5 25. Qxd7 Rxh5+ 26. Kg4 Rh4+
 0-1

[Event "22nd 4NCL Congress"]
[Site "Telford"]
[Date "2019.07.20"]
[Round "2"]
[Board "24"]
[White "Ortiz Sanchez, Luis"]
[Black "Ansari, Athar"]
[Result "1/2-1/2"]
[WhiteElo "1967"]
[BlackElo "1911"]
[PlyCount "132"]
[EventDate "2019.07.19"]
[EventRounds "5"]
[EventCountry "ENG"]

1. e4 d6 2. d4 g6 3. Nc3 Bg7 4. Bg5 h6 5. Bf4 Nd7 6. Nf3 e6 7. h3 b6 8. Qd2 Bb7
9. Be2 Ngf6 10. Qe3 a6 11. Rd1 Qe7 12. Bd3 e5 13. dxe5 Nxe5 14. Bxe5 dxe5 15.
O-O O-O 16. a3 b5 17. Rd2 c5 18. Rfd1 Rad8 19. Be2 b4 20. Na4 Nxe4 21. Rxd8
Rxd8 22. Rxd8+ Qxd8 23. Nxc5 Nxc5 24. Qxc5 e4 25. Ne5 bxa3 26. bxa3 Qd2 27. Bc4
Qc1+ 28. Bf1 Bxe5 29. Qxe5 Qxc2 30. Qe8+ Kg7 31. Qe5+ Kh7 32. Qd4 Qc6 33. Qb4
Bc8 34. Qa5 Qe6 35. Qc5 Bd7 36. Bc4 Qf6 37. Qa7 Qa1+ 38. Kh2 Qe5+ 39. Kg1 Qa1+
40. Kh2 Qe5+ 41. Kg1 Be6 42. Qxa6 e3 43. fxe3 Qxe3+ 44. Kh1 Qe1+ 45. Bf1 Qe4
46. Qd3 Qc6 47. Be2 Bd5 48. Bf3 Qc1+ 49. Qd1 Qxd1+ 50. Bxd1 Kg7 51. a4 Bc4 52.
Kg1 Kf6 53. Kf2 Ke5 54. Ke3 f5 55. Be2 f4+ 56. Kf2 Bd5 57. Bf3 Bc4 58. a5 Kd6
59. Be4 g5 60. Kf3 h5 61. h4 gxh4 62. Kxf4 Kc5 63. Kg5 Bf1 64. Kxh4 Bxg2 65.
Bxg2 Kb5 66. Kxh5 Kxa5  1/2-1/2

[Event "22nd 4NCL Congress"]
[Site "Telford"]
[Date "2019.07.20"]
[Round "2"]
[Board "25"]
[White "Rushbrooke, Remy"]
[Black "Gorgun, Aliriza Atif"]
[Result "1-0"]
[WhiteElo "1963"]
[BlackElo "1862"]
[PlyCount "47"]
[EventDate "2019.07.19"]
[EventRounds "5"]
[EventCountry "ENG"]

1. d4 d6 2. Nc3 Nf6 3. e4 g6 4. f3 a6 5. Be3 b5 6. Qd2 Nbd7 7. Bh6 Bxh6 8. Qxh6
c5 9. Nge2 Qa5 10. Qd2 Bb7 11. d5 b4 12. Nd1 Qc7 13. Ng3 O-O 14. c4 bxc3 15.
Nxc3 e6 16. O-O-O exd5 17. exd5 Nb6 18. Nge4 Nfxd5 19. Nxd5 Nxd5 20. Bc4 Nb6
21. Nf6+ Kg7 22. Qc3 Qd8 23. Rxd6 Na4 24. Ne8+  1-0

[Event "22nd 4NCL Congress"]
[Site "Telford"]
[Date "2019.07.20"]
[Round "2"]
[Board "26"]
[White "Sandhu, Manvith"]
[Black "Sagues, Vincent"]
[Result "0-1"]
[WhiteElo "1682"]
[BlackElo "1958"]
[PlyCount "80"]
[EventDate "2019.07.19"]
[EventRounds "5"]
[EventCountry "ENG"]

1. e4 d5 2. exd5 Qxd5 3. Nc3 Qd8 4. Nf3 Bg4 5. h3 Bxf3 6. Qxf3 c6 7. Bc4 e6 8.
O-O Nf6 9. Re1 Be7 10. d3 O-O 11. Qg3 Bd6 12. Qf3 Nbd7 13. Bf4 Bxf4 14. Qxf4
Nd5 15. Bxd5 cxd5 16. a4 Qb6 17. Qd2 Rac8 18. Reb1 Qb4 19. Ra3 d4 20. Rb3 dxc3
21. Rxb4 cxd2 22. c3 b6 23. Rd1 Rfd8 24. Rxd2 Ne5 25. d4 Nc4 26. Rd3 a5 27. Rb5
Rd5 28. Rxd5 exd5 29. b3 Nd6 30. f3 f6 31. Kf2 Kf7 32. Re3 b5 33. axb5 Nxb5 34.
Ke2 Rxc3 35. Rxc3 Nxc3+ 36. Ke3 Nb5 37. g4 Ke6 38. h4 f5 39. h5 fxg4 40. fxg4
Kf6  0-1

[Event "22nd 4NCL Congress"]
[Site "Telford"]
[Date "2019.07.20"]
[Round "2"]
[Board "27"]
[White "Kay, Lee P"]
[Black "Van Kemenade, Julie"]
[Result "1/2-1/2"]
[WhiteElo "1949"]
[BlackElo "1719"]
[PlyCount "89"]
[EventDate "2019.07.19"]
[EventRounds "5"]
[EventCountry "ENG"]

1. e4 d6 2. d4 Nf6 3. Nc3 c6 4. f4 Qa5 5. Bd3 e5 6. Nf3 Bg4 7. Be3 Qb6 8. Qd2
exf4 9. Bxf4 Bxf3 10. gxf3 Qxd4 11. O-O-O Nbd7 12. Bf1 Qxd2+ 13. Rxd2 Ne5 14.
Bg2 O-O-O 15. Bg5 Be7 16. f4 Ned7 17. Bh3 h6 18. Bh4 Nd5 19. Bxe7 Nxe7 20. Rxd6
Kc7 21. Rxd7+ Rxd7 22. Bxd7 Kxd7 23. Rd1+ Kc7 24. Kd2 Rd8+ 25. Ke3 Rxd1 26.
Nxd1 g6 27. Kd4 Kd6 28. b4 f6 29. Ne3 g5 30. Ng4 Ng8 31. fxg5 fxg5 32. Ne3 Ne7
33. a4 h5 34. c4 g4 35. c5+ Ke6 36. b5 Ng6 37. b6 axb6 38. cxb6 Ne5 39. Nf5
Nf3+ 40. Kc5 Ne5 41. Ng7+ Ke7 42. Nxh5 Nd7+ 43. Kd4 Nxb6 44. a5 Nd7 45. Nf4
 1/2-1/2

[Event "22nd 4NCL Congress"]
[Site "Telford"]
[Date "2019.07.20"]
[Round "3"]
[Board "1"]
[White "Ashton, Adam G"]
[Black "Arkell, Keith C"]
[Result "1/2-1/2"]
[WhiteElo "2323"]
[BlackElo "2461"]
[PlyCount "155"]
[EventDate "2019.07.19"]
[EventRounds "5"]
[EventCountry "ENG"]

1. e4 c6 2. d4 d5 3. e5 Na6 4. c3 Bf5 5. Ne2 Nc7 6. Ng3 e6 7. Nd2 Ne7 8. Nf3 h6
9. Nxf5 Nxf5 10. Bd3 g6 11. h4 h5 12. Bg5 Be7 13. Qd2 b6 14. Qf4 a5 15. O-O Kf8
16. Rfe1 Kg7 17. Bxf5 exf5 18. Bf6+ Kg8 19. Bxh8 Ne6 20. Qh6 Bf8 21. Qd2 Kxh8
22. Ng5 Ra7 23. Nxe6 fxe6 24. g3 a4 25. Rac1 b5 26. b3 Kh7 27. c4 bxc4 28. bxc4
f4 29. Qxf4 Bh6 30. Qf3 Bxc1 31. Rxc1 Kg7 32. cxd5 cxd5 33. Rc6 Qe7 34. Kg2 a3
35. Qd3 Qf7 36. Rc3 Qf8 37. Rb3 Rf7 38. Qe3 Ra7 39. Rb6 Qf5 40. Qf3 Qxf3+ 41.
Kxf3 Ra4 42. Ke3 Kf7 43. Rb7+ Kf8 44. f3 Rc4 45. Ra7 Rc3+ 46. Kf4 Rd3 47. Ra4
Kg7 48. g4 Kh6 49. Kg3 Kg7 50. Ra7+ Kf8 51. Kf4 Rc3 52. gxh5 gxh5 53. Kg5 Rxf3
54. Kxh5 Rg3 55. Ra8+ Kf7 56. Ra7+ Kf8 57. Kh6 Rg4 58. h5 Rg3 59. Ra8+ Kf7 60.
Ra7+ Kg8 61. Re7 Rg4 62. Rxe6 Rxd4 63. Ra6 Kf7 64. Kg5 Rd2 65. Rxa3 Ke6 66. h6
Rg2+ 67. Kf4 Rf2+ 68. Kg4 Rg2+ 69. Kf4 Rf2+ 70. Rf3 Rh2 71. Kg5 Kxe5 72. Re3+
Kd6 73. Kg6 Rg2+ 74. Kf7 Rf2+ 75. Kg7 Rg2+ 76. Kf7 Rf2+ 77. Kg7 Rg2+ 78. Kf7
 1/2-1/2